<?xml version="1.0" encoding="UTF-8"?>
<collection xmlns="http://www.loc.gov/MARC21/slim">
<record>
  <controlfield tag="001">170232</controlfield>
  <controlfield tag="005">20260407115449.0</controlfield>
  <datafield tag="024" ind1="7" ind2=" ">
    <subfield code="2">doi</subfield>
    <subfield code="a">10.1371/journal.pcbi.1013688</subfield>
  </datafield>
  <datafield tag="024" ind1="8" ind2=" ">
    <subfield code="2">sideral</subfield>
    <subfield code="a">148722</subfield>
  </datafield>
  <datafield tag="037" ind1=" " ind2=" ">
    <subfield code="a">ART-2026-148722</subfield>
  </datafield>
  <datafield tag="041" ind1=" " ind2=" ">
    <subfield code="a">eng</subfield>
  </datafield>
  <datafield tag="100" ind1=" " ind2=" ">
    <subfield code="a">Rosales, Ricardo M.</subfield>
  </datafield>
  <datafield tag="245" ind1=" " ind2=" ">
    <subfield code="a">Integrated multi-modal data analysis for computational modeling of healthy and location-dependent myocardial infarction conditions in porcine hearts</subfield>
  </datafield>
  <datafield tag="260" ind1=" " ind2=" ">
    <subfield code="c">2026</subfield>
  </datafield>
  <datafield tag="520" ind1="3" ind2=" ">
    <subfield code="a">Porcine hearts are widely used for preclinical cardiac evaluation. Computational models, by effectively integrating comprehensive experimental data, often reinforce this preclinical assessment. Using extensive multi-modal data, we developed swine ventricular digital twins for healthy and chronic myocardial infarction (MI) conditions to investigate the roles of the cardiac conduction system (CS), spatial repolarization heterogeneities, cardiomyocyte orientation, cell-to-cell coupling, and MI characteristics on ventricular function. We analyzed cardiac magnetic resonance (CMR) images, electrocardiograms (ECGs), and optical (OM) and electroanatomical mapping from 5 healthy and 10 MI pigs. CS architectures were built from OM and ECG recordings. Myocardial fiber orientation, action potential characteristics, and cell-to-cell conductivity in MI tissue were defined from OM and CMR data. Simulated ECGs for healthy and MI models of left anterior descending and left circumflex occlusions were compared to experimental ECGs and were used to assess MI-induced changes. Subject-specific fiber orientation calibration minimally affected electrophysiology, with conduction velocity (CV) and action potential duration (APD) changing by less than 3.6% with respect to standard orientation. Accurate CS and repolarization heterogeneities reproduced depolarization (Pearson correlation 0.76 for QRS) and repolarization (Pearson correlation 0.74 for T-wave) patterns. Incorporating experimentally guided MI-induced alterations enabled the replication of MI depolarization and repolarization features (relative errors: 0.5% CV, 2.9% APD), yielded realistic T-wave morphologies (0.63 Pearson correlation), and revealed ECG patterns specific to vessel-dependent occlusions. Thus, by integrating extensive multi-modal data, we advance porcine cardiac digital twins and demonstrate the influence of key structural and electrophysiological parameters on healthy and MI heart function, providing a robust computational framework for mechanistic and translational applications.</subfield>
  </datafield>
  <datafield tag="506" ind1="0" ind2=" ">
    <subfield code="a">Access copy available to the general public</subfield>
    <subfield code="f">Unrestricted</subfield>
  </datafield>
  <datafield tag="536" ind1=" " ind2=" ">
    <subfield code="9">info:eu-repo/grantAgreement/ES/AEI/PID2023-148975OB-I00</subfield>
    <subfield code="9">info:eu-repo/grantAgreement/ES/DGA-FEDER/T39-23R-BSICoS</subfield>
    <subfield code="9">info:eu-repo/grantAgreement/ES/MCIN/PLEC2021-008127</subfield>
    <subfield code="9">info:eu-repo/grantAgreement/ES/MICINN/CNS2022-135899</subfield>
    <subfield code="9">info:eu-repo/grantAgreement/ES/MICINN/PID2022-140556OB-I00</subfield>
    <subfield code="9">info:eu-repo/grantAgreement/EUR/MICINN/TED2021-130459B-I00</subfield>
  </datafield>
  <datafield tag="540" ind1=" " ind2=" ">
    <subfield code="9">info:eu-repo/semantics/openAccess</subfield>
    <subfield code="a">by</subfield>
    <subfield code="u">https://creativecommons.org/licenses/by/4.0/deed.es</subfield>
  </datafield>
  <datafield tag="655" ind1=" " ind2="4">
    <subfield code="a">info:eu-repo/semantics/article</subfield>
    <subfield code="v">info:eu-repo/semantics/publishedVersion</subfield>
  </datafield>
  <datafield tag="700" ind1=" " ind2=" ">
    <subfield code="a">Wu, Ming</subfield>
  </datafield>
  <datafield tag="700" ind1=" " ind2=" ">
    <subfield code="a">Claus, Piet</subfield>
  </datafield>
  <datafield tag="700" ind1=" " ind2=" ">
    <subfield code="a">Janssens, Stefan</subfield>
  </datafield>
  <datafield tag="700" ind1=" " ind2=" ">
    <subfield code="a">Ríos-Muñoz, Gonzalo R.</subfield>
  </datafield>
  <datafield tag="700" ind1=" " ind2=" ">
    <subfield code="a">Fernández-Santos, María Eugenia</subfield>
  </datafield>
  <datafield tag="700" ind1=" " ind2=" ">
    <subfield code="a">Martínez-Legazpi, Pablo</subfield>
  </datafield>
  <datafield tag="700" ind1=" " ind2=" ">
    <subfield code="a">Bermejo, Javier</subfield>
  </datafield>
  <datafield tag="700" ind1=" " ind2=" ">
    <subfield code="a">Flanagan, Aiden</subfield>
  </datafield>
  <datafield tag="700" ind1=" " ind2=" ">
    <subfield code="a">Doblaré, Manuel</subfield>
    <subfield code="u">Universidad de Zaragoza</subfield>
    <subfield code="0">(orcid)0000-0001-8741-6452</subfield>
  </datafield>
  <datafield tag="700" ind1=" " ind2=" ">
    <subfield code="a">Mincholé, Ana</subfield>
    <subfield code="u">Universidad de Zaragoza</subfield>
    <subfield code="0">(orcid)0000-0003-3183-4107</subfield>
  </datafield>
  <datafield tag="700" ind1=" " ind2=" ">
    <subfield code="a">Pueyo, Esther</subfield>
    <subfield code="u">Universidad de Zaragoza</subfield>
    <subfield code="0">(orcid)0000-0002-1960-407X</subfield>
  </datafield>
  <datafield tag="710" ind1="2" ind2=" ">
    <subfield code="1">5008</subfield>
    <subfield code="2">800</subfield>
    <subfield code="a">Universidad de Zaragoza</subfield>
    <subfield code="b">Dpto. Ingeniería Electrón.Com.</subfield>
    <subfield code="c">Área Teoría Señal y Comunicac.</subfield>
  </datafield>
  <datafield tag="710" ind1="2" ind2=" ">
    <subfield code="1">5004</subfield>
    <subfield code="2">605</subfield>
    <subfield code="a">Universidad de Zaragoza</subfield>
    <subfield code="b">Dpto. Ingeniería Mecánica</subfield>
    <subfield code="c">Área Mec.Med.Cont. y Teor.Est.</subfield>
  </datafield>
  <datafield tag="773" ind1=" " ind2=" ">
    <subfield code="g">22, 3 (2026), e1013688 [38 pp.]</subfield>
    <subfield code="p">PLoS Comput. Biol.</subfield>
    <subfield code="t">PLOS COMPUTATIONAL BIOLOGY</subfield>
    <subfield code="x">1553-734X</subfield>
  </datafield>
  <datafield tag="856" ind1="4" ind2=" ">
    <subfield code="s">3975531</subfield>
    <subfield code="u">http://zaguan.unizar.es/record/170232/files/texto_completo.pdf</subfield>
    <subfield code="y">Versión publicada</subfield>
  </datafield>
  <datafield tag="856" ind1="4" ind2=" ">
    <subfield code="s">2876380</subfield>
    <subfield code="u">http://zaguan.unizar.es/record/170232/files/texto_completo.jpg?subformat=icon</subfield>
    <subfield code="x">icon</subfield>
    <subfield code="y">Versión publicada</subfield>
  </datafield>
  <datafield tag="909" ind1="C" ind2="O">
    <subfield code="o">oai:zaguan.unizar.es:170232</subfield>
    <subfield code="p">articulos</subfield>
    <subfield code="p">driver</subfield>
  </datafield>
  <datafield tag="951" ind1=" " ind2=" ">
    <subfield code="a">2026-03-26-14:32:13</subfield>
  </datafield>
  <datafield tag="980" ind1=" " ind2=" ">
    <subfield code="a">ARTICLE</subfield>
  </datafield>
</record>
</collection>